TAWANAN ZENDA / (Record no. 203542)

MARC details
000 -LEADER
fixed length control field 01045nam a2200301 i 4500
005 - DATE AND TIME OF LATEST TRANSACTION
control field 20260407125017.0
008 - FIXED-LENGTH DATA ELEMENTS--GENERAL INFORMATION
fixed length control field 260329t20252025my gr o000 fdmay d
020 ## - INTERNATIONAL STANDARD BOOK NUMBER
International Standard Book Number 9786294600065
Terms of availability RM55.00
Qualifying information paperback
040 ## - CATALOGING SOURCE
Original cataloging agency PPAK
Language of cataloging eng
Transcribing agency PPAK
Description conventions rda
041 0# - LANGUAGE CODE
Language code of text/sound track or separate title may
Language code of original eng
082 04 - DEWEY DECIMAL CLASSIFICATION NUMBER
Edition number 23
Classification number 823.8
090 00 - LOCALLY ASSIGNED LC-TYPE CALL NUMBER (OCLC); LOCAL CALL NUMBER (RLIN)
Classification number (OCLC) (R) ; Classification number, CALL (RLIN) (NR) 823.8
Feature heading HOP
Feature heading G
100 1# - MAIN ENTRY--PERSONAL NAME
Personal name Hope, Anthony,
Dates associated with a name 1863-1933,
Relator term author.
245 10 - TITLE STATEMENT
Title TAWANAN ZENDA /
Statement of responsibility, etc. Anthony Hope ; Penterjemah Dali Fazuri ; Editor Naskhah: Nor Shuhada Meskam
264 #1 - PRODUCTION, PUBLICATION, DISTRIBUTION, MANUFACTURE, AND COPYRIGHT NOTICE
Place of production, publication, distribution, manufacture Pulau Pinang :
Name of producer, publisher, distributor, manufacturer Penerbit Universiti Sains Malaysia,
Date of production, publication, distribution, manufacture, or copyright notice 2025
Date of production, publication, distribution, manufacture, or copyright notice ©2025
300 ## - PHYSICAL DESCRIPTION
Extent viii, 297 pages ;
Dimensions 23 cm
336 ## - CONTENT TYPE
Content type term text
Source rdacontent
337 ## - MEDIA TYPE
Media type term unmediated
Source rdamedia
338 ## - CARRIER TYPE
Carrier type term volume
Source rdacarrier
650 10 - SUBJECT ADDED ENTRY--TOPICAL TERM
Topical term or geographic name entry element Kings and rulers
Form subdivision Fiction
Topical term or geographic name entry element Political kidnapping
Form subdivision Fiction
Topical term or geographic name entry element English fiction
Form subdivision Translation into Malay
Topical term or geographic name entry element Government publications
Geographic subdivision Malaysia
700 0# - ADDED ENTRY--PERSONAL NAME
Personal name Dali Fazuri,
Dates associated with a name 1979-
Relator term translator.
Personal name Nor Shuhada Meskam,
Relator term editor.
942 ## - ADDED ENTRY ELEMENTS (KOHA)
Source of classification or shelving scheme Dewey Decimal Classification
Koha item type Book
Holdings
Withdrawn Not for loan Current library Shelving location Date acquired Total Checkouts Full call number Barcode Date last seen Koha item type
    Perpustakaan Alor Setar Pinjaman Dewasa 12/04/2026   823.8 HOP A01902520 12/04/2026 Book
    Perpustakaan Awam Sungai Petani Pinjaman Dewasa 12/04/2026   823.8 HOP A01902521 12/04/2026 Book
    Perpustakaan Merbok Pinjaman Dewasa 12/04/2026   823.8 HOP A01902527 12/04/2026 Book
    Perpustakaan Yan Pinjaman Dewasa 12/04/2026   823.8 HOP A01902528 12/04/2026 Book